[Event "WchT Seniors 65"]
[Site "Struga"]
[Date "2023.09.24"]
[Round "6.4"]
[White "Rantanen, Veikko J"]
[Black "Binder, Beat"]
[Result "1-0"]
[WhiteElo "1861"]
[BlackElo "1846"]
[PlyCount "107"]
[EventDate "2023.09.19"]
[EventType "team-swiss"]
[EventRounds "9"]
[EventCountry "MKD"]
[SourceTitle "EXT 2024"]
[Source "ChessBase"]
[SourceDate "2023.10.10"]
[SourceVersion "1"]
[SourceVersionDate "2023.10.10"]
[SourceQuality "1"]
[WhiteTeam "Finland Turku 65"]
[BlackTeam "Switzerland 65"]
[WhiteTeamCountry "FIN"]
[BlackTeamCountry "SUI"]

1. e4 Nc6 2. Nf3 e5 3. Bb5 a6 4. Ba4 b5 5. Bb3 Be7 6. c3 Nf6 7. d3 0-0 8. Nbd2 d6 9. Nf1 Na5 10. Bc2 c5 11. Ng3 Nc6 12. 0-0 Bg4 13. h3 Bd7 14. d4 Qc7 15. d5 Na7 16. Be3 Nc8 17. Nh2 Nb6 18. b3 Bc8 19. f4 Nbd7 20. Qf3 Re8 21. Nf5 exf4 22. Bxf4 Ne5 23. Bxe5 dxe5 24. Ng4 Bxf5 25. Qxf5 Bd8 26. Rf3 Nxg4 27. Qxg4 Qc8 28. Qg3 Ra7 29. Rf5 f6 30. Bd1 g6 31. Bg4 Qc7 32. Rf3 Rf8 33. Be6+ Kh8 34. Raf1 Kg7 35. h4 Rb7 36. h5 Qe7 37. Qg4 Bc7 38. Rg3 g5 39. Rh3 Rbb8 40. h6+ Kh8 41. Rhf3 Rbe8 42. Rf5 Bd6 43. Qf3 c4 44. Rxf6 Rxf6 45. Qxf6+ Qxf6 46. Rxf6 Bc5+ 47. Kf1 cxb3 48. axb3 Rf8 49. Rxf8+ Bxf8 50. b4 Bxh6 51. Bc8 a5 52. bxa5 Bf8 53. a6 Bc5 54. d6 1-0

[Event "WchT Seniors 65"]
[Site "Struga"]
[Date "2023.09.19"]
[Round "1.4"]
[White "Rantanen, Veikko J"]
[Black "Van Herck, Marcel"]
[Result "1/2-1/2"]
[WhiteElo "1861"]
[BlackElo "2001"]
[PlyCount "117"]
[EventDate "2023.09.19"]
[EventType "team-swiss"]
[EventRounds "9"]
[EventCountry "MKD"]
[SourceTitle "EXT 2024"]
[Source "ChessBase"]
[SourceDate "2023.10.10"]
[SourceVersion "1"]
[SourceVersionDate "2023.10.10"]
[SourceQuality "1"]
[WhiteTeam "Finland Turku 65"]
[BlackTeam "Belgium 65"]
[WhiteTeamCountry "FIN"]
[BlackTeamCountry "BEL"]

1. e4 c6 2. d4 d5 3. Nc3 dxe4 4. Nxe4 Nd7 5. Nf3 Ngf6 6. Ng3 e6 7. Bc4 Nb6 8. Bb3 c5 9. c3 Be7 10. 0-0 0-0 11. Re1 cxd4 12. Nxd4 Bc5 13. Nc2 Qxd1 14. Rxd1 Bd7 15. Be3 Bxe3 16. Nxe3 Ba4 17. Rd2 Rfd8 18. Rad1 Rxd2 19. Rxd2 Kf8 20. f3 Bxb3 21. axb3 g6 22. Kf2 Ke7 23. c4 Rc8 24. Ne2 a6 25. Nc3 Rc6 26. Ke2 Nfd7 27. Kd1 Rd6 28. Rxd6 Kxd6 29. Ne4+ Ke5 30. Kd2 f5 31. Ng5 h6 32. Nf7+ Kd4 33. Nc2+ Kc5 34. Nd8 e5 35. Nxb7+ Kc6 36. Nd8+ Kc5 37. Kc3 Nc8 38. b4+ Kd6 39. Nf7+ Ke6 40. Nxh6 Kf6 41. h4 Kg7 42. Nxf5+ gxf5 43. Ne3 Ne7 44. c5 f4 45. Ng4 Kg6 46. Kc4 Nc6 47. b5 axb5+ 48. Kxb5 Ndb8 49. Kb6 Kh5 50. Nf2 Kxh4 51. Ne4 Nb4 52. b3 N8c6 53. Kc7 Nd4 54. Kd6 Nbc6 55. Kd5 Kh5 56. b4 Nxb4+ 57. Kxe5 Ne2 58. Kd6 Nd4 59. Ke5 1/2-1/2

[Event "FIN-chT2 Gp2 1819"]
[Site "Finland"]
[Date "2019.01.12"]
[Round "5.4"]
[White "Rantanen, Veikko J"]
[Black "Laaksovuori, Tommi"]
[Result "1-0"]
[WhiteElo "1995"]
[BlackElo "1648"]
[PlyCount "85"]
[EventDate "2018.09.15"]
[EventType "team-tourn"]
[EventRounds "6"]
[EventCountry "FIN"]
[SourceTitle "EXT 2020"]
[Source "ChessBase"]
[SourceDate "2019.10.17"]
[SourceVersion "1"]
[SourceVersionDate "2019.10.17"]
[SourceQuality "1"]
[WhiteTeam "Akaa"]
[BlackTeam "Tampere Tammer IV"]
[WhiteTeamCountry "FIN"]
[BlackTeamCountry "FIN"]

1. e4 c5 2. Nf3 g6 3. d4 cxd4 4. Nxd4 Nc6 5. Nc3 Bg7 6. Be3 Nf6 7. Be2 0-0 8. 0-0 b6 9. Qd2 Bb7 10. f4 d6 11. Bf3 Rc8 12. Rad1 Na5 13. b3 Nc6 14. Rf2 Qd7 15. h3 Nxd4 16. Bxd4 Rfd8 17. Nd5 Ne8 18. c4 b5 19. Ne3 Nf6 20. Qd3 e5 21. Bxa7 exf4 22. Ng4 bxc4 23. bxc4 Nh5 24. Bb6 Re8 25. c5 f5 26. exf5 Bxf3 27. Rxf3 gxf5 28. Nf2 Re6 29. Qd5 Kh8 30. a4 Nf6 31. Qb3 Rce8 32. Nd3 Nh5 33. Kh2 Qe7 34. cxd6 Rxd6 35. Bc5 Qd7 36. Bxd6 Qxd6 37. Qb5 Rf8 38. a5 Qg6 39. a6 Rg8 40. Rd2 Ng3 41. a7 Bd4 42. Nxf4 Nf1+ 43. Qxf1 1-0

[Event "FIN-chT2 Gp2 1819"]
[Site "Finland"]
[Date "2018.09.16"]
[Round "2.4"]
[White "Tonteri, Ari"]
[Black "Rantanen, Veikko J"]
[Result "0-1"]
[WhiteElo "1886"]
[BlackElo "1995"]
[PlyCount "64"]
[EventDate "2018.09.15"]
[EventType "team-tourn"]
[EventRounds "6"]
[EventCountry "FIN"]
[SourceTitle "EXT 2020"]
[Source "ChessBase"]
[SourceDate "2019.10.17"]
[SourceVersion "1"]
[SourceVersionDate "2019.10.17"]
[SourceQuality "1"]
[WhiteTeam "Hyvinkaa SK"]
[BlackTeam "Akaa"]
[WhiteTeamCountry "FIN"]
[BlackTeamCountry "FIN"]

1. e4 e6 2. d4 d5 3. Nc3 Nf6 4. Bg5 dxe4 5. Nxe4 Nbd7 6. Nf3 Be7 7. Bxf6 Nxf6 8. Bd3 0-0 9. Qe2 Nd5 10. Qd2 b6 11. 0-0 Bb7 12. Rfe1 a5 13. c3 h6 14. Rad1 Nf6 15. Qc2 Rb8 16. Ne5 Qe8 17. Nxf6+ Bxf6 18. Bh7+ Kh8 19. Be4 Bxe4 20. Qxe4 Bxe5 21. Qxe5 Qc6 22. Rd3 Rbd8 23. Rg3 Rg8 24. Rh3 Kh7 25. Qf4 Rd7 26. Qe3 Qd5 27. Qd3+ Kh8 28. Qe3 Qf5 29. Qc1 Rd5 30. Ree3 Qg5 31. Rhg3 Qh5 32. Ref3 Rf5 0-1

[Event "EU-chT Seniors 65"]
[Site "Walbrzych"]
[Date "2018.04.21"]
[Round "8.2"]
[White "Karppinen, Martti"]
[Black "Rantanen, Veikko J"]
[Result "1/2-1/2"]
[WhiteElo "1894"]
[BlackElo "2007"]
[PlyCount "100"]
[EventDate "2018.04.14"]
[EventType "team-swiss"]
[EventRounds "9"]
[EventCountry "POL"]
[SourceTitle "CBM 184 Extra"]
[Source "ChessBase"]
[SourceDate "2018.06.28"]
[SourceVersion "1"]
[SourceVersionDate "2018.06.28"]
[SourceQuality "1"]
[WhiteTeam "Finland Royal Musketeers 65"]
[BlackTeam "Finland Turku 65"]
[WhiteTeamCountry "FIN"]
[BlackTeamCountry "FIN"]

1. c4 Nf6 2. Nc3 g6 3. g3 Bg7 4. Bg2 c5 5. Nf3 Nc6 6. 0-0 0-0 7. d3 d6 8. Bg5 Rb8 9. Qd2 a6 10. Bh6 b5 11. Bxg7 Kxg7 12. a3 Na5 13. Rab1 bxc4 14. Nh4 cxd3 15. exd3 Nb3 16. Qe3 Nd4 17. Nd5 Nxd5 18. Bxd5 Bb7 19. Bg2 Bxg2 20. Kxg2 Rb3 21. Rfd1 Qc7 22. Rdc1 Rfb8 23. Qxd4+ e5 24. Qc4 Qc6+ 25. Kg1 R8b5 26. Ng2 Qf3 27. Ne1 Qf6 28. Kg2 Qe7 29. Nc2 Qf6 30. Ne3 Qe6 31. Qxe6 fxe6 32. Nc4 Rxd3 33. Rd1 Rxd1 34. Rxd1 d5 35. Nxe5 Rxb2 36. Nd3 Rb5 37. Nf4 Kf6 38. Re1 Rb6 39. h4 c4 40. Rd1 Rc6 41. Kf3 h6 42. Ke3 g5 43. hxg5+ hxg5 44. Ne2 Rb6 45. a4 Rb3+ 46. Kd4 Ra3 47. f4 gxf4 48. Nxf4 Rxa4 49. Nxd5+ exd5 50. Kxd5 Ra3 1/2-1/2

[Event "FIN-chT1A 1718"]
[Site "Finland"]
[Date "2018.02.04"]
[Round "7.5"]
[White "Norri, Roger"]
[Black "Rantanen, Veikko J"]
[Result "1/2-1/2"]
[WhiteElo "1898"]
[BlackElo "2000"]
[PlyCount "88"]
[EventDate "2017.09.16"]
[EventType "team-tourn"]
[EventRounds "7"]
[EventCountry "FIN"]
[SourceTitle "EXT 2020"]
[Source "ChessBase"]
[SourceDate "2019.10.17"]
[SourceVersion "1"]
[SourceVersionDate "2019.10.17"]
[SourceQuality "1"]
[WhiteTeam "Turku TuTS II"]
[BlackTeam "Akaa"]
[WhiteTeamCountry "FIN"]
[BlackTeamCountry "FIN"]

1. e4 e6 2. d4 d5 3. exd5 exd5 4. c4 Nf6 5. Nf3 Be7 6. Bd3 0-0 7. c5 Bg4 8. h3 Bh5 9. Bf4 Nc6 10. g4 Bg6 11. Bxg6 hxg6 12. Nc3 Ne4 13. Qb3 Nxc3 14. Qxc3 Bf6 15. 0-0-0 b6 16. h4 bxc5 17. Qxc5 Qd7 18. g5 Be7 19. Qc3 Nb4 20. Kd2 Nxa2 21. Qb3 Bb4+ 22. Ke3 Qf5 23. Qd3 Rfe8+ 24. Be5 f6 25. gxf6 gxf6 26. Qxf5 gxf5 27. Ra1 fxe5 28. Rxa2 f4+ 29. Ke2 exd4+ 30. Kd3 c5 31. Rg1+ Kf7 32. Ra6 Rg8 33. Ne5+ Ke7 34. Nc6+ Kd7 35. Rxg8 Rxg8 36. Nxb4 cxb4 37. Rf6 Rg4 38. Kxd4 Rxh4 39. Kxd5 a5 40. Ke4 Ke7 41. Rf5 a4 42. Ra5 b3 43. Kf3 Kf6 44. Rxa4 Ke5 1/2-1/2

[Event "EU-chT Seniors 65"]
[Site "Novi Sad"]
[Date "2017.06.27"]
[Round "3.4"]
[White "Rantanen, Veikko J"]
[Black "Rintakoski, Pentti"]
[Result "1/2-1/2"]
[WhiteElo "1985"]
[BlackElo "1811"]
[PlyCount "99"]
[EventDate "2017.06.25"]
[EventType "team-tourn"]
[EventRounds "9"]
[EventCountry "SRB"]
[SourceTitle "CBM 179 Extra"]
[Source "ChessBase"]
[SourceDate "2017.08.23"]
[SourceVersion "1"]
[SourceVersionDate "2017.08.23"]
[SourceQuality "1"]
[WhiteTeam "Finland Turku 65"]
[BlackTeam "Finland Mates 65"]
[WhiteTeamCountry "FIN"]
[BlackTeamCountry "FIN"]

1. e4 c5 2. Nf3 Nc6 3. d4 cxd4 4. Nxd4 e6 5. a3 Nf6 6. Nc3 a6 7. Be3 d5 8. exd5 exd5 9. Be2 Be7 10. 0-0 0-0 11. Re1 h6 12. h3 Nxd4 13. Bxd4 Be6 14. Bf3 Rc8 15. Qd2 Qd7 16. Rac1 Rfd8 17. Qe3 Nh7 18. Rcd1 Re8 19. Be2 Bf6 20. Bd3 Bxd4 21. Qxd4 Nf6 22. Ne2 Bf5 23. c3 Bxd3 24. Qxd3 Qa4 25. Nd4 Rxe1+ 26. Rxe1 Re8 27. Rxe8+ Qxe8 28. Qe2 Qxe2 29. Nxe2 Kf8 30. f3 Ke7 31. Kf2 Kd6 32. Ke3 Nd7 33. Kd4 Nb6 34. b3 f6 35. Nf4 g5 36. Nd3 Nd7 37. f4 a5 38. a4 Kc6 39. g3 Kd6 40. Nf2 Nc5 41. b4 axb4 42. cxb4 Nxa4 43. Ng4 Ke6 44. Nxh6 Nb6 45. f5+ Kd6 46. Ng4 Nd7 47. h4 gxh4 48. gxh4 Ne5 49. Nxf6 Nf3+ 50. Ke3 1/2-1/2

[Event "Tampere Kari Hyotylan A"]
[Site "Tampere"]
[Date "2016.11.19"]
[Round "3"]
[White "Sorvari, Jarmo"]
[Black "Rantanen, Veikko J"]
[Result "1-0"]
[WhiteElo "2067"]
[BlackElo "1928"]
[PlyCount "113"]
[EventDate "2016.11.19"]
[EventType "swiss"]
[EventRounds "5"]
[EventCountry "FIN"]
[SourceTitle "EXT 2022"]
[Source "ChessBase"]
[SourceDate "2021.10.06"]
[SourceVersion "1"]
[SourceVersionDate "2021.10.06"]
[SourceQuality "1"]

1. d4 Nf6 2. c4 g6 3. Nc3 d5 4. Bg5 c6 5. Bxf6 exf6 6. cxd5 cxd5 7. e3 Bg7 8. Qb3 0-0 9. Qxd5 Qe7 10. Nf3 Be6 11. Qb5 Nc6 12. Be2 Bd7 13. Qd3 f5 14. 0-0 Rfd8 15. a3 a6 16. Nd5 Qd6 17. Nb6 Rab8 18. Nxd7 Rxd7 19. g3 Re8 20. Rfd1 Ne7 21. Rac1 Nd5 22. Rc5 Rde7 23. Qc4 Nb6 24. Qc2 Bf6 25. Rc1 Kg7 26. Rc7 Qe6 27. Rxe7 Rxe7 28. Bd3 Qd5 29. Qd1 Qd7 30. Bf1 Nc8 31. Ne1 Nd6 32. Nd3 Ne4 33. Bg2 b6 34. Qc2 Qb5 35. Qc4 Qa5 36. Qb4 Qxb4 37. Nxb4 Ra7 38. Rc6 Bd8 39. Rc8 Bf6 40. Nd5 b5 41. Rc7 Ra8 42. Nc3 Re8 43. Bxe4 fxe4 44. Rc6 Ra8 45. Nxe4 Be7 46. Rc7 Bf8 47. Nc5 Kg8 48. b4 a5 49. Rb7 axb4 50. axb4 Ra1+ 51. Kg2 Rb1 52. Rxb5 Kg7 53. Rb7 Bxc5 54. dxc5 Kf6 55. c6 Rc1 56. b5 Rc5 57. c7 1-0

[Event "Nordic-ch Seniors"]
[Site "Sastamala"]
[Date "2016.10.29"]
[Round "8"]
[White "Rantanen, Veikko J"]
[Black "Rodgaard, John"]
[Result "0-1"]
[WhiteElo "1970"]
[BlackElo "2338"]
[PlyCount "110"]
[EventDate "2016.10.22"]
[EventType "swiss"]
[EventRounds "9"]
[EventCountry "FIN"]
[SourceTitle "EXT 2018"]
[Source "ChessBase"]
[SourceDate "2017.10.13"]
[SourceVersion "1"]
[SourceVersionDate "2017.10.13"]
[SourceQuality "1"]

1. e4 e6 2. d4 d5 3. Nd2 c5 4. exd5 Qxd5 5. Ngf3 cxd4 6. Nb3 Nc6 7. Nbxd4 Nxd4 8. Qxd4 Nf6 9. Bc4 Qxd4 10. Nxd4 Bd7 11. 0-0 Rc8 12. Bd3 Bc5 13. Nf3 Bc6 14. Ne5 Be4 15. Bg5 Bxd3 16. Nxd3 Bb6 17. c3 Ke7 18. a4 Rhd8 19. Rfd1 Rd5 20. Bxf6+ gxf6 21. Nf4 Rxd1+ 22. Rxd1 Rc4 23. g3 Rxa4 24. Kf1 Ra5 25. Rd2 Rc5 26. Ke2 a5 27. h4 Bc7 28. Ng2 Re5+ 29. Kf1 Bb6 30. Nf4 Rc5 31. Ke2 Rc8 32. Ng2 Bc5 33. Nf4 Bd6 34. Ng2 f5 35. Rd4 b5 36. Ne1 a4 37. Nc2 Bc5 38. Rf4 h5 39. Nb4 Bd6 40. Rd4 Be5 41. Rd3 f4 42. Kf3 fxg3 43. fxg3 a3 44. bxa3 Rxc3 45. g4 hxg4+ 46. Kxg4 Rxd3 47. Nxd3 Bd6 48. h5 Kf8 49. h6 Kg8 50. Kg5 Be7+ 51. Kh5 Bxa3 52. Ne5 b4 53. Nf3 Bc1 54. Nd4 Kh7 55. Nb3 Bxh6 0-1

[Event "Nordic-ch Seniors"]
[Site "Sastamala"]
[Date "2016.10.28"]
[Round "7"]
[White "Karppinen, Martti"]
[Black "Rantanen, Veikko J"]
[Result "0-1"]
[WhiteElo "1915"]
[BlackElo "1970"]
[PlyCount "128"]
[EventDate "2016.10.22"]
[EventType "swiss"]
[EventRounds "9"]
[EventCountry "FIN"]
[SourceTitle "EXT 2018"]
[Source "ChessBase"]
[SourceDate "2017.10.13"]
[SourceVersion "1"]
[SourceVersionDate "2017.10.13"]
[SourceQuality "1"]

1. d4 Nf6 2. c4 g6 3. g3 Bg7 4. Bg2 0-0 5. Nc3 d6 6. Nf3 Nbd7 7. Bg5 c6 8. Qd2 e5 9. 0-0 Qa5 10. Ne4 Qxd2 11. Nfxd2 exd4 12. Nxd6 Nc5 13. b4 Ne6 14. Bxf6 Bxf6 15. N2e4 Bg7 16. Rad1 f5 17. Nxc8 Raxc8 18. Nd2 Rfe8 19. Nb3 Rcd8 20. Rd3 Re7 21. Rfd1 Red7 22. a4 Kf8 23. Kf1 Ke7 24. b5 c5 25. Na5 Rb8 26. h4 Nd8 27. e4 fxe4 28. Bxe4 Nf7 29. Re1 Kd6 30. Bd5 Ne5 31. Ra3 Kc7 32. Nb3 Rxd5 33. cxd5 Kd6 34. f4 Nc4 35. Ra2 Ne3+ 36. Kf2 Kxd5 37. Rxe3 dxe3+ 38. Kxe3 Re8+ 39. Kf3 c4 40. Rd2+ Ke6 41. Re2+ Kf7 42. Rxe8 Kxe8 43. Na5 c3 44. Nb3 Ke7 45. Ke2 Kd6 46. Kd3 Kd5 47. Na5 Kc5 48. Nxb7+ Kb4 49. Kc2 Kxa4 50. Nd6 Kb4 51. g4 Kc5 52. Nc8 Kxb5 53. Nxa7+ Kc5 54. Nc8 Bf6 55. g5 Bg7 56. Ne7 Kd6 57. Nc8+ Ke6 58. Nb6 Bh8 59. Kd3 Bg7 60. Kc2 Bd4 61. Nc4 Kf5 62. Kd3 Bh8 63. Nd6+ Kxf4 64. Ne4 c2 0-1

[Event "EU-chT Seniors"]
[Site "Vienna"]
[Date "2015.07.14"]
[Round "3.19"]
[White "Rantanen, Veikko J"]
[Black "Kirmas, Joachim"]
[Result "1/2-1/2"]
[WhiteElo "1957"]
[BlackElo "1998"]
[PlyCount "89"]
[EventDate "2015.07.12"]
[EventType "team-swiss"]
[EventRounds "9"]
[EventCountry "AUT"]
[SourceTitle "EXT 2018"]
[Source "ChessBase"]
[SourceDate "2017.10.13"]
[SourceVersion "1"]
[SourceVersionDate "2017.10.13"]
[SourceQuality "1"]
[WhiteTeam "Turku"]
[BlackTeam "Sachsen Anhalt"]
[WhiteTeamCountry "FIN"]
[BlackTeamCountry "GER"]

1. c4 Nf6 2. Nc3 d5 3. cxd5 Nxd5 4. g3 g6 5. Bg2 Nxc3 6. bxc3 Bg7 7. Nf3 0-0 8. 0-0 c6 9. d4 Qa5 10. Qc2 Nd7 11. Bg5 e5 12. Bd2 exd4 13. cxd4 Qh5 14. Rab1 Nb6 15. Rbc1 Bh3 16. Qb3 Bxg2 17. Kxg2 Qd5 18. Qxd5 Nxd5 19. Rb1 b6 20. Rfc1 Rac8 21. Rc2 Rfe8 22. e3 f6 23. Rbc1 Re6 24. Ne1 Bf8 25. Nd3 Ba3 26. Rb1 Bf8 27. Kf3 g5 28. h3 h5 29. a4 Rce8 30. Nb4 Nxb4 31. Bxb4 Bxb4 32. Rxb4 Kf8 33. Ke2 Rd6 34. Rbc4 Rc8 35. a5 Ke7 36. axb6 axb6 37. Rb2 Rb8 38. Kd3 b5 39. Rc5 Ra8 40. Ke4 Ke6 41. g4 hxg4 42. hxg4 Ra6 43. f4 gxf4 44. Kxf4 Ra1 45. Rbc2 1/2-1/2